Where do we go from here? (Record no. 66371)

MARC details
000 -LEADER
fixed length control field 01173cam a2200229 4500
001 - CONTROL NUMBER
control field ABS63624
008 - FIXED-LENGTH DATA ELEMENTS--GENERAL INFORMATION
fixed length control field 000000n2001 000 0 eng u
035 ## - SYSTEM CONTROL NUMBER
System control number (Sirsi) u111400
100 ## - MAIN ENTRY--PERSONAL NAME
Personal name White, N.
245 ## - TITLE STATEMENT
Title Where do we go from here?
260 ## - PUBLICATION, DISTRIBUTION, ETC.
Date of publication, distribution, etc. 2001
490 ## - SERIES STATEMENT
Series statement Building
Volume/sequential designation 266(8170) 23 February 2001, 59(1)
520 ## - SUMMARY, ETC.
Summary, etc. Discusses collateral warranties, and argues that they are here to stay. Notes that they were originally intended to allow interested parties in a development, but not actually in a contract with contractors or subcontractors, to make claims directly against the latter. Looks at the evolution of collateral warranties over the years. Suggests they may now give beneficiaries rights such as access to warrantor's staff. However, notes that they still involve lengthy, expensive negotiations.
590 ## - LOCAL NOTE (RLIN)
Local note ABS
650 ## - SUBJECT ADDED ENTRY--TOPICAL TERM
Topical term or geographic name entry element BUILT ENVIRONMENT-BUILDING CONTRACT FORMS-CONSTRUCTION COLLATERAL WARRANTY FORMS
650 ## - SUBJECT ADDED ENTRY--TOPICAL TERM
Topical term or geographic name entry element CONTRACTS (RIGHTS OF THIRD PARTIES) ACT 1999
650 ## - SUBJECT ADDED ENTRY--TOPICAL TERM
Topical term or geographic name entry element PANATOWN LTD V ALFRED MCALPINE
650 ## - SUBJECT ADDED ENTRY--TOPICAL TERM
Topical term or geographic name entry element PROFESSIONAL INDEMNITY INSURANCE
650 ## - SUBJECT ADDED ENTRY--TOPICAL TERM
Topical term or geographic name entry element LIABILITY
690 ## - LOCAL SUBJECT ADDED ENTRY--TOPICAL TERM (OCLC, RLIN)
Topical term or geographic name as entry element BUILT ENVIRONMENT
942 ## - ADDED ENTRY ELEMENTS (KOHA)
Suppress in OPAC 0
Holdings
Withdrawn status Lost status Source of classification or shelving scheme Damaged status Not for loan Home library Current library Shelving location Date acquired Total Checkouts Full call number Barcode Date last seen Copy number Price effective from Koha item type
    Dewey Decimal Classification     London London Journal article 13/03/2001   ABS63624 111400-1001 06/08/2019 1 06/08/2019 Journal article